Loading...

Ma shuara al andalus /

Bibliographic Details
Main Author: Emilic Gharsie
Format: Printed Book
Language:Arabic
Published: Cairo : Darul Marif , 1985.
LEADER 00406nam a2200133Ia 4500
008 150624b xxu||||| |||| 00| | ara d
100 |a Emilic Gharsie 
245 |c Emilic Gharsie  |a Ma shuara al andalus / 
260 |a Cairo :  |b Darul Marif ,  |c 1985. 
300 |a 256 p. 
546 |a In Arabic. 
942 |c BK 
999 |c 94565  |d 94565 
952 |0 0  |1 0  |4 0  |7 0  |9 94507  |a UL  |b UL  |c ST1  |d 1998-08-27  |l 0  |p 56853  |r 2012-10-27  |w 2012-10-27  |y BK